Countries by Stereotypes - Statistics

General Stats
  • This quiz has been taken 164 times
  • The average score is 20 of 25
Answer Stats
Hint Answer % Correct
Only eat pasta and pizza, say "Mamma Mia!" and add an -a to every word Italy
94%
Everyone knows kung fu China
92%
Everyone is a Nazi who wears lederhosen and loves Hitler Germany
92%
Overly patriotic, extremely loud, and everyone has a Southern or New York accent United States
92%
Depressed people that drink vodka, eat caviar and dance the trepak Russia
89%
Arrogant people that wear berets, have mustaches and eat baguettes France
88%
Everyone wears a turban, is Hindu, and live in slums India
88%
Obsessed with maple syrup and poutine Canada
87%
Belly dancers, camel riders, and pharaohs Egypt
87%
Ninjas; every citizen is either a piano prodigy or has an incredibly high IQ Japan
86%
Rice, dog meat, kimchi South Korea
86%
Always drink tea and eat scones, and are never rude; very prim and proper United Kingdom
86%
The people only surf, wrestle crocodiles and say "G'day, mate" Australia
85%
Leprechaun people who love pubs Ireland
85%
Fjords and vikings Norway
84%
Everyone is Jewish Israel
82%
Druglord haven Colombia
81%
Matadors that play guitar and listen to flamenco music Spain
77%
Fondue-eating yolders that live in ski chalets and play the alpenhorn Switzerland
77%
Nuns and corrupt popes Vatican City
73%
Poor beggars and 9/11 terrorists, and every immigrant in Michigan is from this country Iraq
68%
Clog-wearing people who milk cows, love windmills and plant tulips Netherlands
68%
Every guy is named Nick, everyone is Orthodox and obsessed with the Olympics Greece
60%
Buddhist monks and communist soldiers Vietnam
59%
Heavy Smokers Cuba
28%
No matching quizzes found
Score Distribution
Percent of People with Each Score
Percentile by Number Answered
Your Score History
You have not taken this quiz